MDQL
is popping MORE tags! Check the
thread
!
Quizzes
Events
Quiz Creation
Community
Videos
Private Events
Remove Ads
Sign In
Join for FREE
Feedback
Dark Mode
Quiz Categories
Sports
Geography
Music
Movies
Television
Just For Fun
Miscellaneous
History
Literature
Language
Science
Gaming
Entertainment
Religion
Holiday
For Kids
Quiz Lab
Recent
Popular Today
Quiz Kudos Today
Editor Picks
Curator Picks
Quizzes by...
Day
Popularity
Type
Ratings
Length
Year
Community
Subscriptions
Recent Discussions
Orange Saloon
Badges
Playlists
Quests
Create
Leaderboards
Showdown
Live 5
Trivia Bingo
Activity
Puzzle Library
Sporcle Events
Private Events
Virtual Trivia
Globe League
Become a Host
Pub Owners
SporcleCon
Opinionation
Our Games
Videos
Blog
Mobile Apps
Partnerships
Remove Ads and Go Orange
Feedback
Television
TV Characters
TV Show
Sitcom
Network
Friends
Reality Shows
Cast
South Park
Star Trek
The Simpsons
Doctor Who
Television
TV Characters
TV Show
Sitcom
Network
Friends
Reality Shows
Cast
South Park
Star Trek
The Simpsons
Doctor Who
Random Quiz
Search Sporcle
×
Quiz Lab
Quiz Lab
Television
Sitcom
Type answers based on single images at one time
Type answers based on single images at one time
Slideshow
Best Score? Go Orange.
Name The K-Drama By GIF Stats
Can You Name the K-Drama By GIF?
By
Catticus
10m
30 Questions
219 Plays
219 Plays
219 Plays
Comments
Comments
Give Quiz Kudos
Give Quiz Kudos
-
- Ratings
hide this ad
No Peeking
Image is hidden before quiz starts
Image is hidden before quiz starts
Replay
Link that replays current quiz
Next Quiz
Link to next quiz in quiz playlist
You Got
0%
They Got
Avg Score
49%
Avg Friend Score
Upgrade to see
Score Distribution
Jump to the score distribution portion of the page
Score
0/30
Timer
10:00
0
Plays Today
% Correct
Hwarang
88.8%
Goblin
85.6%
Strong Woman Do Bong Soon
82.9%
What's Wrong With Secretary Kim
81.9%
Weightlifting Fairy Kim-Bok Joo
81%
The Heirs
79.6%
School 2017
78.7%
Fight For My Way
76.9%
While You Were Sleeping
75%
Kill Me, Heal Me
74.5%
My Love From a Star
69.9%
Bride of the Water God
69.4%
Cinderella and the Four Knights
67.1%
To The Beautiful You
59.7%
My Introverted Boss
51.9%
% Correct
Are You Human?
51.6%
Doctor Stranger
47.2%
Thirty But Seventeen
45.8%
Welcome To Waikiki
44.7%
I Am Not a Robot
44.1%
Clean With Passion For Now
40.3%
My Strange Hero
38.5%
Fated To Love You
36%
My Secret Romance
33.8%
Go Back Couple
28.7%
Strongest Deliveryman
27.3%
Wok of Love
22.7%
Let's Fight Ghosts
9.9%
Boarding House 24
2.8%
Miss Panda and Mr Hedgehog
2.5%
Quiz Playlist
Details
Report
Send in Message
Add To Playlist
Slideshow:
Type answers based on single images at one time
No Peeking:
Image is hidden before quiz starts
Last Updated: Feb 11, 2020
Quiz Scoreboard
CHALLENGE
Sign Up to Join the Scoreboard
Show All
Scores
Hide
Comments
May contain spoilers
Recently Published
Colored Red Africa Blitz
by spor1
Geography
30s
Find the 'City' Movie
by crazypaving
Movies
60s
5x2 Blitz: Bands
by SL_Kpop136
Music
30s
More to Explore
Quiz From the Vault
Featured Blog Post
14 Easter Pick-up Lines to Find Eggs With
hide this ad
You Might Also Like...
Tags
Sitcom Quiz
K-drama
Korean Drama
Korean Idol
South Korea
Today's Top Quizzes in Television
Browse Television
hide this ad
Today's Top Quizzes in Sitcom
Browse Sitcom
Top Contributed Quizzes in Television
1
Survivor Journey Challenge
2
Survivor Logic Puzzle: Heroes vs. Villains
3
One Tree Hill Logic Puzzle
4
Phoebe Buffay Quotes
5
Game of Thrones: Tywin Lannister Start to Finish
6
Brooklyn Nine Nine Logic Puzzle (How-To-Play)
7
A Series of Unfortunate Events: Netflix Character Chain
8
All US Survivor Seasons in Order
9
Survivor: Criteria Castaways
10
A Series of Unfortunate Events: S3 Character Chain
Explore More
Trending Topics
Anime
Disney
Marvel
Harry Potter
NBA
Kpop
Crossword
Puzzle
Country
Song
Soccer
WWE
Pokémon
NFL
The Office
hide this ad
More By:
Catticus
Quiz
Plays
Rating
Category
Featured
Created
Name The K-Pop Members!
6,556
3.93
Music
Mar 20, 2018
How Many Kpop Groups Can You Name?
753
3.63
Music
Oct 3, 2019
Guess The BTS MV
620
4.88
Music
Sep 13, 2019
300 K-Pop Songs On Shuffle
546
4.75
Music
Oct 30, 2019
Name The BTS Member (Hard Mode)
537
5.00
Music
Sep 13, 2019
Go to Creator's Profile
Score Distribution
Quiz Creator Spotlight
Catticus
Follow
Send a Message
Quizzes Created
-
Created Quiz Play Count
-
More By This Creator
Popular Quizzes Today
1
5x2 Blitz: Bands
2
Find the 'City' Movie
3
Colored Red Africa Blitz
4
Find the US States - No Outlines Minefield
5
The Countries of the World
6
Find the US States
7
9x9 Crossword: Cartoon Network
8
US States
More Television Quizzes
TV Actors Born in the 1940s
Curator's Pick
Trending Quizzes
Colored Red Africa Blitz II
Colored Red Europe Blitz I
Christmas Pick: Judaism
Colored Red Africa Blitz III
Colored Red Europe Blitz II
Recently Updated
Champions League XIs: Real Madrid
pecheneg
Largest US Cities 1790-2010
pecheneg
Rides in Walt Disney World
pecheneg
Most Oscar Losses (Acting)
pecheneg
Beyoncé Albums
pecheneg
Leaping Animals
pecheneg
Reality TV Shows (A-Z)
bhenderson79
Rickey Henderson's Hall of Fame Teammates
pecheneg
Champions League XIs: Arsenal
pecheneg
Quick Pick: Celebrities in WWE's Hall of Fame
aduchscher
Trending Topics
Harry Potter
Kpop
Marvel
Anime
Crossword
NBA
Disney
Soccer
WWE
The Office
Puzzle
NFL
Country
Pokémon
Song
Your Account Isn't Verified!
In order to create a playlist on Sporcle, you need to verify the email address you used during registration. Go to your
Sporcle Settings
to finish the process.
Report this User
Report this user for behavior that violates our
Community Guidelines
.
Details:
Send Report
Go to the Sporcle.com Mobile Site →
Comments